书目信息 |
| 题名: |
吉米多维奇数学分析习题集选解
|
|
| 作者: | 黄川 , 蔡晓英 , 黄光谷 编 | |
| 分册: | 上 | |
| 出版信息: | 武汉 华中科技大学出版社 2006.12 |
|
| 页数: | 472页 | |
| 开本: | 21cm | |
| 丛书名: | ||
| 单 册: | ||
| 中图分类: | O17-44 | |
| 科图分类: | ||
| 主题词: | 数学分析--shu xue fen xi--高等学校--解题 | |
| 电子资源: | ||
| ISBN: | 7-5609-3891-4 | |
| 000 | 00947nam0 2200253 450 | |
| 001 | 012007525718 | |
| 005 | 20071010101044.46 | |
| 010 | @a7-5609-3891-4@dCNY21.00 | |
| 100 | @a20070524d2006 km y0chiy0120 ea | |
| 101 | 0 | @achi |
| 102 | @aCN@b420000 | |
| 105 | @ay q 000yy | |
| 200 | 1 | @a吉米多维奇数学分析习题集选解@Aji mi duo wei qi shu xue fen xi xi ti ji xuan jie@h上@f黄光谷 ... [等] 编@Fhuang guang gu... [deng] bian |
| 210 | @a武汉@c华中科技大学出版社@d2006.12 | |
| 215 | @a472页@d21cm | |
| 304 | @a题名页题 : 黄光谷, 黄川, 蔡晓英, 李杨编 | |
| 330 | @a本书很有代表性的习题集,编者根据我国目前的教学实际情况选编了其中约三分之一的重要习题,并覆盖了该习题集各章节的主要内容。 | |
| 606 | 0 | @a数学分析@Ashu xue fen xi@x高等学校@j解题 |
| 690 | @aO17-44@v4 | |
| 701 | 0 | @a黄川@Ahuang chuan@4编 |
| 701 | 0 | @a蔡晓英@Acai xiao ying@4编 |
| 701 | 0 | @a黄光谷@Ahuang guang gu@4编 |
| 801 | 0 | @aCN@c20071010 |
| 905 | @dO17-44@eH831:1 | |
| 吉米多维奇数学分析习题集选解.上/黄光谷 ... [等] 编.-武汉:华中科技大学出版社,2006.12 |
| 472页;21cm |
| ISBN 7-5609-3891-4:CNY21.00 |
| 本书很有代表性的习题集,编者根据我国目前的教学实际情况选编了其中约三分之一的重要习题,并覆盖了该习题集各章节的主要内容。 |
| ● |
| 相关链接 |
|
|
|
正题名:吉米多维奇数学分析习题集选解
索取号:O17-44/H831:1
 
预约/预借
| 序号 | 登录号 | 条形码 | 馆藏地/架位号 | 状态 | 备注 |
| 1 | 243216 | 202432162 | 自科库401/401自科库 43排5列5层/ [索取号:O17-44/H831:1] | 在馆 | |
| 2 | 243217 | 202432171 | 自科库401/401自科库 43排5列5层/ [索取号:O17-44/H831:1] | 在馆 | |
| 3 | 243218 | 202432180 | 自科库401/401自科库 43排5列5层/ [索取号:O17-44/H831:1] | 在馆 |